|
|
|
|
| LEADER |
00000naa a2200000 a 4500 |
| 001 |
vtls011853809 |
| 003 |
SK-MaSNL |
| 005 |
20260302132956.0 |
| 008 |
210910|2000 xo |||||||||||||||||eng| |
| 015 |
|
|
|a SNBCL
|
| 035 |
|
|
|a (urnnbn)urn:nbn:sk:snk:ar-a0aygr
|
| 035 |
|
|
|a urn:nbn:sk:snk-aaw867
|
| 035 |
|
|
|a (uuid)40d1fa06-1c7b-48e5-8adf-7ec9065a0e5b
|
| 040 |
|
|
|a SNKBUCL
|b slo
|c SNKBUCL
|e AACR2
|
| 041 |
|
|
|a eng
|
| 044 |
|
|
|a xo
|c SK
|
| 100 |
1 |
|
|a Branowski, Bogdan
|4 aut
|9 797345
|
| 245 |
1 |
0 |
|a APPLICATION OF INTELLIGENT SPRINGS IN ORDER TO CREATE SELFCOMPENSATION OF LOADING OR MOBILITY MINIATURE ROBOT
|c Bogdan Branowski
|
| 336 |
|
|
|a text
|b txt
|c rdacontent
|
| 337 |
|
|
|a bez média
|b n
|c rdamedia
|
| 338 |
|
|
|a zväzok
|b nc
|c rdacarrier
|
| 655 |
|
7 |
|a články zo zborníkov
|2 snkbucl
|9 166140
|
| 773 |
0 |
|
|t Dynamics of machine aggregates
|d Bratislava : Slovak University of Technology, 2000
|g S. 42-51
|z 8022713627
|
| 958 |
|
|
|a OND
|
| 958 |
|
|
|a article26
|
| 958 |
|
|
|a chapter
|
| 999 |
|
|
|c 1314849
|d 1316779
|